00879nam a2200205 a 450000100100000000500170001000800410002704000250006808200150009310000280010824500540013626000320019030000340022250000340025650400730029050400320036359000750039595201860047099900170065600003543920200930074337.0111031s1964 sp ab 000 0 spa d aDO-SdBNPbspacBNPHU axxxxbxxxx1 aWolfgang, Victor96127314aLos reinos americanos del sol /cVictor Wolfgang. aBarcelona, :bLabor,c1964. a348 p. :bil., map. ;c24 cm. aIncluye índice alfabético aIncluye referencias bibliográficas y notas al pie de las páginas aBibliografía : p. 337-338 aPerteneció a la biblioteca personal de Juan Isidro Jimenes Grullón 001050718RVaGRbGRcHDd2011-10-31iLF1l0oxxxx xxxxp35439-10r2020-06-25w2020-06-25y1zPerteneció a la biblioteca personal de Juan Isidro Jimenes Grullón.ZNo se presta c34930d34930